000 00607nam a2200241Ia 4500
003 OSt
005 20221007095048.0
006 a|||||r|||| 00| 0
007 ta
008 221006b |||||||| |||| 00| 0 eng d
024 _a774
037 _cTextual
040 _aLCO
_cLCO
_beng
041 _2eng
_aeng
082 _aZ(Q7), M5
100 _aHIDAYATULLAH M.
245 0 _aPrinciples of Mohomedan Law
260 _aBombay
_bN.M.Tripathi
_c1985
300 _a424
650 _aMOHOMEDAN LAW
_9700757
942 _hZ(Q7), M5
_cTEXL
999 _c1170337
_d1170337